Nuevas tecnologa̕s y nuevas maneras de trabajar Estudios desde el Derecho Espaǫl y comparado /

Bibliographic Details
Main Author: Mella Mňdez, Lourdes
Other Authors: Nę︢z-Cortš Contreras, Pilar
Format: eBook
Language:Spanish
Published: Madrid: Dykinson, 2017
Subjects:
Online Access:Acceso restringido

MARC

LEADER 00000nam a22000007a 4500
005 20180319235921.0
007 cr|||| ||||
008 180320s2017 es |||||s|||| 00||0 spa d
020 |a 978-84-9148-193-5 
035 |a 21094 
040 |a vLex 
090 |c 7498  |d 7498 
100 1 |a Mella Mňdez, Lourdes 
245 1 0 |a Nuevas tecnologa̕s y nuevas maneras de trabajar  |h [Recurso electrn̤ico] :  |b Estudios desde el Derecho Espaǫl y comparado /  |c Lourdes Mella Mňdez, Pilar Nę︢z-Cortš Contreras 
256 |a Servicio en ln̕ea 
260 |a Madrid:  |b Dykinson,  |c 2017 
300 |a 1 recurso electrn̤ico 
506 1 |a Disponible solo en los productos indicados  |d vLex Global  |d vLex Global (Academic Edition, excluding Law Schools)  |d vLex Global (U.S. Academic Edition, Law Schools)  |d vLex Global (U.S. Academic Edition, excluding Law Schools)  |d vLex Global (Academic Edition, Law Schools) 
650 0 4 |a Derecho Laboral y Seguridad Social  |z Espaą 
700 1 |a Nę︢z-Cortš Contreras, Pilar 
740 0 |a vLex Libros (Servicio en ln̕ea) 
856 4 0 |u http://vlex.com/source/nuevas-tecnologias-maneras-trabajar-21094  |z Acceso restringido 
942 |c BOOK 
999 0 |a Labor law and social security